00801cam a2200217 i 45000010009000000050017000090080041000260200029000670400013000960820020001092450136001292600030002653000025002956500037003206500027003577000026003847000026004109420007004369990019004439520121004621955003120240715113259.0170313s2017 flu b 000 0 eng  a9781498765114 (hardback) cPK-LaUMT00a612.3223bNUT-00aNutrigenomics and nutraceuticals :bclinical relevance and disease prevention /c edited by Yashwant V. Pathak and Ali M. Ardekani aLondon :bCRCPress,c2018 axix, 567 p. ;c24 cm 0aNutritionxGenetic aspects.9335 0aFunctional foods.93361 aPathak, Yashwant93371 aArdekani, Ali M.9338 cBK c134515d134515 00104070aHSCbHSCd2024-07-15l1o612.3 NUT-p147055q2025-03-14r2024-11-14 14:05:37s2024-11-14w2024-07-15yBK